| 000 | 00994nam a22002417a 4500 | ||
|---|---|---|---|
| 999 |
_c13340 _d13340 |
||
| 003 | AR-CdUCM | ||
| 008 | 190415b ||||| |||| 00| 0 spa d | ||
| 020 | _a968-16-1532-8 | ||
| 040 |
_aMUNICIPALIDAD PROVINCIAL DEL CUSCO _cBIBLIOTECA MUNICIPAL DEL CUSCO |
||
| 082 |
_a974.021 / _bB44 |
||
| 100 |
_aBenítez, Fernando _9675 |
||
| 245 | _aLa ruta de Hernán Cortés / | ||
| 260 |
_aMéxico D. F : _bFondo de Cultura Económica, _c1983. |
||
| 300 |
_a308 páginas ; _bilustraciones, _c21 cm. |
||
| 440 |
_aLecturas Mexicanas. _n7 _931710 |
||
| 505 | _aContenido: En el principio era el mito -- Colón y el fracaso de su descubrimiento -- El descubrimiento de México -- Cortés cobra su herencia -- Veracruz, la puerta estrecha de México -- Cempoala, clave de la conquista ... | ||
| 650 |
_aHistoria _9136 |
||
| 650 |
_aMéxico _918 |
||
| 650 |
_aDescubrimiento _9249 |
||
| 710 |
_aSecretaria de Educación Pública Cultura SEP. _931711 |
||
| 942 |
_2ddc _cLIBROS |
||
| 945 |
_aachl _d2019-04-15 |
||